| 000 | 00420nam a2200169Ia 4500 | ||
|---|---|---|---|
| 005 | 20250703012533.0 | ||
| 008 | 240331s9999 xx 000 0 und d | ||
| 020 | _a9552013704 | ||
| 082 |
_bGAM _a701 |
||
| 100 | _aGamlath,S | ||
| 245 | 0 | _aIthihasika bawthikawadaya ha kalawa | |
| 260 |
_aColombo _bS. Godage & Brothers _c1995 |
||
| 300 | _a144 p ., | ||
| 650 | _aHistorical Materialism | ||
| 650 | _aArts | ||
| 942 | _cL | ||
| 999 |
_c5181 _d5181 |
||